[Event "26. Offene Hamburger SEM 2019 65+"]
[Site "Hamburg"]
[Date "2019.11.14"]
[Round "4.1"]
[White "Grimm, Uwe"]
[Black "Kreutzkamp, Hans-Rudolf"]
[Result "1/2-1/2"]
[WhiteElo "2045"]
[BlackElo "1948"]
[PlyCount "50"]
[EventDate "2019.??.??"]
[WhiteTeam "MTV Dannenberg"]
[BlackTeam "SK Union Eimsbuettel eV"]

{[%evp 0,50,34,-29,-27,-32,-22,-13,-15,-17,-20,-33,-34,-48,-39,-48,-20,-35,-30,-17,28,12,6,10,15,24,3,10,8,5,5,8,53,22,36,29,26,26,26,13,13,35,36,20,9,9,1,31,90,13,13,13,27]} 1. f4 d5 2. Nf3 g6 3. e3 Bg7 4. d4 Nf6 5. Bd3 c5 6. c3 c4 7. Bc2 Bf5 8. Nbd2 Bxc2 9. Qxc2 e6 10. O-O O-O 11. e4 dxe4 12. Nxe4 Nbd7 13. Ne5 Nxe4 14. Qxe4 Qc7 15. Bd2 b5 16. a4 Nf6 17. Qf3 Rab8 18. axb5 Rxb5 19. Ra2 Nd5 20. Rfa1 a5 21. Qe2 Rc8 22. g3 f6 23. Nf3 Re8 24. Re1 Nb6 25. Bc1 a4 1/2-1/2

[Event "26. Offene Hamburger SEM 2019 65+"]
[Site "Hamburg"]
[Date "2019.11.14"]
[Round "4.2"]
[White "Pfitzer, Norbert"]
[Black "Porth, Hartmut"]
[Result "1-0"]
[WhiteElo "1955"]
[BlackElo "1990"]
[PlyCount "85"]
[EventDate "2019.??.??"]
[WhiteTeam "SV Backnang"]
[BlackTeam "SV Bargteheide"]

{[%evp 0,74,19,23,28,18,47,37,39,37,33,36,17,31,36,-1,26,29,65,37,20,6,19,0,3,1,38,15,25,22,40,37,39,39,49,22,59,57,68,68,118,108,107,-20,14,-48,-38,-24,-33,-42,-24,-3,19,19,45,45,31,31,43,67,159,125,125,86,107,103,159,159,151,109,396,456,471,476,556,556,599]} 1. Nf3 Nf6 2. d4 g6 3. c4 Bg7 4. Nc3 d6 5. g3 O-O 6. Bg2 Nc6 7. O-O a6 8. h3 Rb8 9. Be3 e5 10. dxe5 dxe5 11. Bc5 Re8 12. Qc2 Bf5 13. e4 Bd7 14. Rad1 b6 15. Be3 Qc8 16. Kh2 Na5 17. c5 Nc4 18. Bg5 b5 19. b3 Na3 20. Qc1 b4 21. Rfe1 Nb5 22. Na4 Bc6 23. Nd2 Nd4 24. Nb2 Nd7 25. Ndc4 f6 26. Be3 Bb5 27. Nd3 a5 28. f4 Ne6 29. c6 Bxc6 30. Nxa5 Bb5 31. Nxb4 c5 32. Nd5 Ra8 33. Nc4 Bxc4 34. Qxc4 Rxa2 35. f5 gxf5 36. exf5 Kh8 37. fxe6 Rxe6 38. Nc3 Raa6 39. Rd2 Bf8 40. Qg4 Red6 41. Red1 Qe8 42. Rxd6 Bxd6 43. Nb5 1-0

[Event "26. Offene Hamburger SEM 2019 65+"]
[Site "Hamburg"]
[Date "2019.11.14"]
[Round "4.4"]
[White "Krotofil, Kurt"]
[Black "Hawranke, Dietrich"]
[Result "0-1"]
[WhiteElo "1756"]
[BlackElo "2044"]
[PlyCount "90"]
[EventDate "2019.??.??"]
[WhiteTeam "Niendorfer TSV 1919 SAbt"]
[BlackTeam "Pinneberg SC 1932 eV"]

{[%evp 0,67,19,23,26,0,31,34,62,45,2,1,14,-56,-22,-76,-77,-49,-29,-14,-22,-6,31,26,47,42,34,44,54,54,52,49,44,49,44,25,101,34,29,26,42,-45,-42,-78,-57,-52,-75,-72,-96,-69,-62,-54,-57,-57,-52,-63,-57,-72,-59,-64,-44,-44,-44,-44,-39,-88,-44,-45,-47,-200]} 1. d4 Nf6 2. c4 g6 3. Nc3 d5 4. Bg5 Ne4 5. Nxe4 dxe4 6. Qd2 Bg7 7. Rd1 Nc6 8. e3 h6 9. Bh4 Bf5 10. Ne2 a5 11. Nc3 Qd7 12. Be2 O-O 13. O-O g5 14. Bg3 Bg6 15. Nb5 Rac8 16. a3 b6 17. Qc2 Nd8 18. d5 Nb7 19. Rd2 Nd6 20. Nxd6 exd6 21. a4 f5 22. f4 exf3 23. Rxf3 Rce8 24. Bd3 g4 25. Rf1 Rxe3 26. Bf4 Re7 27. Re2 Rxe2 28. Bxe2 Qe7 29. Qd2 Kh7 30. Bd3 Qf6 31. b3 Re8 32. Kf2 Qh4+ 33. Kg1 Qf6 34. Re1 Rxe1+ 35. Qxe1 Qd4+ 36. Qe3 Qc3 37. Qe2 Qxb3 38. Bc2 Qb2 39. Kf2 Bd4+ 40. Kg3 Qc3+ 41. Bd3 Be5 42. Qe3 Qd4 43. Qxd4 Bxd4 44. h3 h5 45. Bg5 f4+ 0-1

[Event "26. Offene Hamburger SEM 2019 65+"]
[Site "Hamburg"]
[Date "2019.11.14"]
[Round "4.5"]
[White "Chmielewski, Axel"]
[Black "Villing, Dieter"]
[Result "1-0"]
[WhiteElo "1746"]
[BlackElo "1956"]
[PlyCount "91"]
[EventDate "2019.??.??"]
[WhiteTeam "Volksdorfer SK 1948"]
[BlackTeam "SK 1912 Ludwigshafen"]

{[%evp 0,73,19,16,27,5,15,12,12,22,21,23,32,16,35,31,25,28,47,19,27,0,-6,-24,2,-27,-31,-31,-29,-56,-43,-21,-26,-26,-18,-11,7,-5,48,57,83,85,168,136,143,109,119,90,93,88,131,102,131,105,127,102,132,59,78,86,88,52,82,94,177,220,245,232,243,209,209,227,272,184,213,307]} 1. d4 Nf6 2. c4 e5 3. dxe5 Ng4 4. Bf4 Nc6 5. Nf3 Bb4+ 6. Nbd2 Qe7 7. a3 Bxd2+ 8. Qxd2 Ngxe5 9. Nxe5 Nxe5 10. Qc3 d6 11. c5 O-O 12. cxd6 cxd6 13. g3 Bf5 14. Bxe5 dxe5 15. Bg2 Rac8 16. Qe3 Rc2 17. b4 Rd8 18. Qxa7 Rdd2 19. O-O Rxe2 20. Qxb7 Qf6 21. Qb8+ Rc8 22. Qb5 Rd2 23. Rac1 Rcd8 24. Qc6 Qg5 25. h4 Qe7 26. Qc7 Qf6 27. Qc6 Be6 28. Qf3 Qe7 29. Qe3 f6 30. Rc3 Bf5 31. Be4 Bg4 32. Bd3 Rd1 33. Rxd1 Bxd1 34. Bc4+ Kh8 35. Rd3 Bg4 36. Qd2 Rxd3 37. Qxd3 g6 38. Qd5 Kg7 39. f3 Qa7+ 40. Kg2 Bd7 41. Qf7+ Kh6 42. g4 Qa8 43. Qxd7 e4 44. Bd5 exf3+ 45. Bxf3 Qxa3 46. Qe7 1-0

[Event "26. Offene Hamburger SEM 2019 65+"]
[Site "Hamburg"]
[Date "2019.11.14"]
[Round "4.6"]
[White "Heitsch, Karl-Wilhelm"]
[Black "Strampfer, Jens"]
[Result "0-1"]
[WhiteElo "1492"]
[BlackElo "1926"]
[PlyCount "69"]
[EventDate "2019.??.??"]
[BlackTeam "SC Roesselsprung eV"]

{[%evp 0,64,39,13,71,51,67,33,13,12,48,55,45,9,69,57,42,-5,85,20,35,35,24,-3,22,22,19,-56,-9,25,33,33,33,20,20,20,20,51,181,161,173,170,178,69,115,0,0,0,0,0,84,-1,0,0,11,0,0,0,8,15,-3,21,19,9,0,-496,-423]} 1. d4 b6 2. Nf3 e6 3. g3 Bb7 4. Bg2 f5 5. O-O Nf6 6. Nbd2 c5 7. c3 d5 8. e3 c4 9. Rb1 Qc7 10. Ng5 Qc8 11. f3 h6 12. Nh3 g5 13. g4 fxg4 14. fxg4 Bg7 15. e4 dxe4 16. Qe2 O-O 17. Nxe4 Nxe4 18. Rxf8+ Qxf8 19. Bxe4 Bxe4 20. Qxe4 Nd7 21. Qxe6+ Kh8 22. Qxc4 Qf3 23. Nf2 Rf8 24. Qf1 Nf6 25. Qg2 Qe2 26. h3 Nd5 27. Qf1 Qc2 28. Ra1 b5 29. Qe1 b4 30. Qd2 Qg6 31. Qd3 Qf7 32. Be3 Qf3 33. Re1 Qg3+ 34. Kh1 Rxf2 35. Bxf2 0-1

[Event "26. Offene Hamburger SEM 2019 65+"]
[Site "Hamburg"]
[Date "2019.11.14"]
[Round "4.7"]
[White "Hinrichs, Winfried"]
[Black "Schulz, Wolfgang"]
[Result "0-1"]
[WhiteElo "1424"]
[BlackElo "1907"]
[PlyCount "76"]
[EventDate "2019.??.??"]
[WhiteTeam "Langenhorner SF 1928"]
[BlackTeam "Hamburger SK von 1830 eV"]

{[%evp 0,56,19,29,30,23,18,16,16,18,19,5,27,33,38,8,12,12,9,-31,57,-75,-82,-82,-82,-82,-82,-80,-79,-80,-87,-87,-87,-85,-75,-75,-75,-80,-87,-87,-70,-81,-75,-93,-92,-99,-98,-105,-91,-94,-75,-99,-96,-99,-100,-93,-99,-112,-109]} 1. e4 e5 2. Nf3 Nc6 3. Bb5 a6 4. Bxc6 dxc6 5. O-O Qf6 6. d4 exd4 7. Nxd4 Bd7 8. Nc3 O-O-O 9. Nf3 Qg6 10. Bf4 Bh3 11. Nh4 Rxd1 12. Nxg6 Rxf1+ 13. Kxf1 hxg6 14. gxh3 Rxh3 15. Kg2 Rh5 16. Rd1 Bb4 17. Ne2 Nf6 18. Ng3 Rh8 19. f3 Re8 20. Be3 Bd6 21. Bf2 Nd7 22. Rd2 Be5 23. c3 Nf8 24. Ne2 g5 25. Bg3 Bf6 26. h3 g6 27. Bf2 Ne6 28. Be3 c5 29. Kg3 Be5+ 30. Kg2 c6 31. Nc1 Bf4 32. Re2 Rd8 33. Kf2 Rd1 34. Nb3 b6 35. Rd2 Rh1 36. Bxf4 Nxf4 37. Rd6 Rh2+ 38. Ke3 Re2# 0-1

[Event "26. Offene Hamburger SEM 2019 65+"]
[Site "Hamburg"]
[Date "2019.11.14"]
[Round "4.8"]
[White "Emami, Madjid"]
[Black "Keunecke, Hanno"]
[Result "1-0"]
[WhiteElo "1907"]
[BlackElo "1675"]
[PlyCount "79"]
[EventDate "2019.??.??"]
[WhiteTeam "Hamburger SK von 1830 eV"]
[BlackTeam "Langenhorner SF 1928"]

{[%evp 0,79,23,-5,-12,-31,23,18,29,37,31,2,26,29,0,5,7,0,-2,6,10,7,20,14,0,8,0,14,25,-46,25,35,24,28,43,17,24,9,5,28,37,26,13,24,31,14,17,-31,4,-14,121,28,92,79,80,86,128,-62,-54,-143,37,-193,135,135,135,57,35,34,120,8,50,5,32,20,197,169,169,-20,516,0,17,0]} 1. g3 Nf6 2. Bg2 g6 3. e4 d6 4. Ne2 Bg7 5. O-O O-O 6. Nbc3 c5 7. d3 Nc6 8. h3 Bd7 9. Be3 a6 10. a4 Rb8 11. Qd2 b5 12. axb5 axb5 13. Bh6 b4 14. Nd1 e5 15. Bxg7 Kxg7 16. f4 Nd4 17. Nxd4 cxd4 18. f5 Nh5 19. Kh2 Qc8 20. Bf3 Nf6 21. g4 h6 22. h4 Rh8 23. Kg3 Qd8 24. Nf2 Bc8 25. Nh3 d5 26. Ra7 dxe4 27. dxe4 Bb7 28. g5 hxg5 29. Nxg5 Qb6 30. Ra4 Nh5+ 31. Bxh5 Rxh5 32. f6+ Kg8 33. Rxb4 Qd6 34. Rb3 Qa6 35. Qe1 Rc8 36. Rf2 Rc6 37. Ra3 Qb6 38. Raf3 Qxb2 39. Qa5 Rc8 40. Qxe5 1-0

[Event "26. Offene Hamburger SEM 2019 65+"]
[Site "Hamburg"]
[Date "2019.11.14"]
[Round "4.9"]
[White "Raedisch, Peter"]
[Black "Gollasch, Theo-Heinz"]
[Result "0-1"]
[WhiteElo "1477"]
[BlackElo "1944"]
[PlyCount "62"]
[EventDate "2019.??.??"]
[WhiteTeam "SF Hamburg eV 1934"]
[BlackTeam "Hamburger SK von 1830 eV"]

{[%evp 0,62,19,22,25,29,2,2,19,15,16,5,5,-9,-15,-15,-6,-6,24,-18,33,5,31,-104,-45,-45,4,-16,13,18,27,8,8,-31,-1,-178,-144,-144,-122,-132,-124,-133,-133,-224,-144,-419,-419,-419,-403,-419,-223,-269,-247,-413,-413,-445,-433,-433,-436,-436,-435,-732,-859,-1183,-1356]} 1. e4 e5 2. Nf3 Nc6 3. Bc4 Bc5 4. d3 h6 5. a3 Nf6 6. h3 d5 7. exd5 Nxd5 8. O-O Be6 9. Ba2 g5 10. Qe1 f6 11. Nh2 h5 12. Be3 Qe7 13. b4 Bxe3 14. fxe3 g4 15. Bxd5 Bxd5 16. Qh4 gxh3 17. Qxf6 Qxf6 18. Rxf6 Ke7 19. Rf2 Rhg8 20. e4 Be6 21. c3 Raf8 22. g4 hxg4 23. Rxf8 Rxf8 24. Nd2 Rf4 25. Rf1 Kf6 26. d4 Rxf1+ 27. Ndxf1 exd4 28. cxd4 Nxd4 29. Kf2 Nc2 30. Ne3 Nxe3 31. Kxe3 g3 0-1

[Event "26. Offene Hamburger SEM 2019 65+"]
[Site "Hamburg"]
[Date "2019.11.14"]
[Round "4.10"]
[White "Ditmas, Hugh"]
[Black "Paulsen, Helmut"]
[Result "1-0"]
[WhiteElo "1888"]
[BlackElo "1450"]
[PlyCount "65"]
[EventDate "2019.??.??"]
[WhiteTeam "Bremer SG von 1877"]
[BlackTeam "FC St Pauli 1910 eV SAbt"]

{[%evp 0,65,19,23,13,-11,-9,-10,-3,6,46,6,24,9,48,14,40,44,85,44,62,62,75,83,84,91,62,33,123,118,123,110,107,103,99,116,137,122,113,109,140,139,131,113,112,119,172,172,172,172,156,195,262,263,263,263,313,337,337,329,332,238,306,306,327,319,395,395]} 1. d4 d5 2. c4 e6 3. Nf3 Nf6 4. Nc3 Nbd7 5. Bg5 c6 6. e3 Be7 7. Rc1 O-O 8. Bd3 c5 9. O-O b6 10. cxd5 Nxd5 11. Bxe7 Qxe7 12. Nxd5 exd5 13. Qa4 h6 14. Qc6 Rb8 15. Qxd5 Bb7 16. Qf5 g6 17. Qf4 Kg7 18. Rfd1 Rfd8 19. Be2 Bxf3 20. Bxf3 Nf6 21. h4 Rbc8 22. d5 Ne8 23. e4 Qf6 24. Qxf6+ Kxf6 25. Bg4 Rc7 26. f4 h5 27. e5+ Kg7 28. d6 Rb7 29. Bf3 Rbb8 30. a3 a5 31. b4 axb4 32. axb4 cxb4 33. d7 1-0

[Event "26. Offene Hamburger SEM 2019 65+"]
[Site "Hamburg"]
[Date "2019.11.14"]
[Round "4.11"]
[White "Eberhardt, Michael"]
[Black "Stuhlmann, Alexander"]
[Result "0-1"]
[WhiteElo "1487"]
[BlackElo "1759"]
[PlyCount "92"]
[EventDate "2019.??.??"]
[WhiteTeam "SC Agon Neumuenster"]
[BlackTeam "SK Johanneum Eppendorf"]

{[%evp 0,68,18,17,17,23,39,29,3,7,7,16,9,10,21,13,46,46,51,39,40,26,37,47,89,65,74,79,56,56,90,52,65,23,20,19,22,13,18,-25,-25,-17,-24,-43,-44,-77,-77,-113,-113,-107,-107,-106,-89,-148,-108,-135,-130,-118,-127,-165,-165,-165,-169,-248,-252,-295,-259,-274,-274,-274,-313]} 1. d4 Nf6 2. Nf3 g6 3. e3 Bg7 4. Be2 O-O 5. c4 d6 6. Nc3 Nbd7 7. O-O c6 8. h3 Qc7 9. e4 e5 10. Be3 Re8 11. d5 c5 12. Nb5 Qb6 13. Qc2 a6 14. Nc3 Qc7 15. Nd2 Rb8 16. f4 exf4 17. Bxf4 Ne5 18. Nf3 Nfd7 19. Rae1 Nxf3+ 20. Bxf3 b5 21. cxb5 axb5 22. a4 bxa4 23. Nxa4 Ba6 24. Be2 Bxe2 25. Rxe2 Ne5 26. Rb1 Rb7 27. b3 Reb8 28. Ree1 Qa5 29. Bd2 Qa7 30. Be3 Qa6 31. Red1 c4 32. b4 Rxb4 33. Rxb4 Rxb4 34. Nc3 Nd3 35. Bd2 Qb6+ 36. Kh1 Nf2+ 37. Kh2 Be5+ 38. g3 Nxd1 39. Nxd1 Rb3 40. Bc3 Bxc3 41. Kh1 Rb1 42. Kg2 Rb2 43. Nxb2 Qxb2 44. Qxb2 Bxb2 45. Kf2 c3 46. Ke2 c2 0-1

[Event "26. Offene Hamburger SEM 2019 65+"]
[Site "Hamburg"]
[Date "2019.11.14"]
[Round "4.12"]
[White "Marquardt, Rolf"]
[Black "Wichmann, Dieter"]
[Result "1-0"]
[WhiteElo "1632"]
[BlackElo "1458"]
[PlyCount "47"]
[EventDate "2019.??.??"]
[WhiteTeam "Langenhorner SF 1928"]
[BlackTeam "Hamburger SK von 1830 eV"]

{[%evp 0,47,19,25,13,27,36,36,30,-21,33,30,30,7,24,23,20,18,18,-182,-183,-200,126,120,200,188,188,194,258,253,283,264,302,260,262,212,254,242,256,231,252,232,238,228,241,228,265,261,968,968]} 1. d4 d5 2. Bf4 Bf5 3. e3 Nf6 4. c4 c6 5. Nc3 e6 6. Qb3 Qc8 7. Rc1 Be7 8. cxd5 exd5 9. Nxd5 Nxd5 10. Bc4 Be6 11. Bxd5 O-O 12. Bxe6 fxe6 13. Nf3 Nd7 14. Qxe6+ Rf7 15. O-O Qe8 16. Ne5 Nxe5 17. Bxe5 Qf8 18. Qb3 Bb4 19. Rc2 Ba5 20. Bg3 Kh8 21. Rc5 Bb6 22. Rh5 Rf6 23. Qd3 Rg6 24. Qxg6 1-0

[Event "26. Offene Hamburger SEM 2019 65+"]
[Site "Hamburg"]
[Date "2019.11.14"]
[Round "4.13"]
[White "Neldner, Frank"]
[Black "Tscherepanov, Leon"]
[Result "0-1"]
[WhiteElo "1482"]
[BlackElo "1732"]
[PlyCount "22"]
[EventDate "2019.??.??"]
[WhiteTeam "Hamburger SK von 1830 eV"]
[BlackTeam "Hamburger SK von 1830 eV"]

{[%evp 0,22,19,28,43,26,36,35,42,36,20,2,16,58,15,19,17,-35,-4,-456,-456,-478,-469,-610,-646]} 1. e4 e6 2. d4 d5 3. Nc3 Nf6 4. Bg5 Bb4 5. e5 h6 6. Bd2 Bxc3 7. Bxc3 Ne4 8. Bb4 c5 9. f3 Qh4+ 10. g3 Nxg3 11. Bxc5 Nxh1+ 0-1

[Event "26. Offene Hamburger SEM 2019 65+"]
[Site "Hamburg"]
[Date "2019.11.14"]
[Round "4.14"]
[White "Duemmke, Juergen"]
[Black "Kornrumpf, Joachim"]
[Result "0-1"]
[Annotator "DATA"]
[WhiteElo "1831"]
[BlackElo "2054"]
[PlyCount "78"]
[EventDate "2019.??.??"]
[WhiteTeam "SV Grosshansdorf"]
[BlackTeam "Preetzer TSV"]

{[%evp 0,78,19,31,46,49,44,40,32,27,75,48,45,-5,27,23,53,28,65,53,57,2,13,-13,1,-39,31,-33,-36,-33,-31,-32,-27,-34,-38,-40,-40,-32,0,0,0,0,0,-15,-15,-42,-16,-51,-15,-58,-61,-67,-32,-84,-23,-34,-22,-67,-67,-67,-61,-58,-52,-70,-71,-71,-85,-85,-78,-95,-67,-112,-105,-116,-116,-140,-140,-490,-490,-490,-490]} 1. e4 c5 2. Nf3 e6 3. d4 cxd4 4. Nxd4 a6 5. c4 Nf6 6. Bd3 Qc7 7. O-O Be7 8. Nc3 d6 9. Be3 Nbd7 10. Nb3 Ne5 11. Na4 Nfd7 12. Rc1 b6 13. f4 Nxd3 14. Qxd3 Bb7 15. Nd2 O-O 16. Qb3 Bd8 17. f5 Nc5 18. Nxc5 bxc5 19. fxe6 fxe6 20. Rxf8+ Kxf8 21. Bf4 Kg8 22. Qh3 Qd7 23. Qg3 Be7 24. Qd3 Rd8 25. Rd1 Qc6 26. Qh3 Bc8 27. Qg3 Bf6 28. Bg5 Bd4+ 29. Kh1 Rd7 30. b3 Rf7 31. Qd3 Bb7 32. Rf1 Rxf1+ 33. Qxf1 Qe8 34. Qe2 Qg6 35. Bf4 e5 36. Bg3 Bc3 37. Nb1 Ba5 38. Be1 Bxe1 39. Qxe1 Bxe4 0-1

[Event "26. Offene Hamburger SEM 2019 65+"]
[Site "Hamburg"]
[Date "2019.11.14"]
[Round "4.15"]
[White "Hinke, Gerhard"]
[Black "Wilke, Wolfgang"]
[Result "1-0"]
[WhiteElo "1470"]
[BlackElo "1605"]
[PlyCount "83"]
[EventDate "2019.??.??"]
[WhiteTeam "Mummelmannsberger SV"]
[BlackTeam "SV Grosshansdorf"]

{[%evp 0,83,24,10,44,44,42,24,45,40,39,31,36,-21,10,-8,31,9,-2,-11,-3,-56,-5,-9,-6,-4,0,0,0,0,6,15,21,25,19,56,39,29,41,24,26,9,4,-23,-23,-36,-38,-30,-26,-36,-29,-29,-31,-28,-28,-122,-102,-102,-102,-102,-102,-99,-102,-147,-123,-152,-137,-149,-102,-87,-100,-106,-87,-105,-69,-110,68,53,69,72,76,59,103,27,29987,29988]} 1. e4 d5 2. exd5 Nf6 3. d4 Nxd5 4. Nf3 Bg4 5. c3 e6 6. Bd3 Be7 7. Nbd2 Nd7 8. Qb3 Rb8 9. Qa4 a6 10. Ne5 Bf5 11. Nxd7 Qxd7 12. Qxd7+ Kxd7 13. Bxf5 exf5 14. O-O Bd6 15. Nf3 f6 16. Bd2 c6 17. c4 Ne7 18. Rfe1 Rbe8 19. a4 Nc8 20. a5 Re4 21. c5 Bc7 22. Bc3 Rhe8 23. g3 Ne7 24. Nd2 Rxe1+ 25. Rxe1 Nd5 26. Rxe8 Kxe8 27. Kf1 Nxc3 28. bxc3 Bxa5 29. Nb1 Kd7 30. Ke2 g5 31. h4 h5 32. f4 Bd8 33. Na3 b5 34. cxb6 Bxb6 35. fxg5 fxg5 36. hxg5 Bd8 37. g6 Bf6 38. Kf3 Ke6 39. Nc4 h4 40. gxh4 Bxh4 41. Ne5 Be1 42. g7 1-0

[Event "26. Offene Hamburger SEM 2019 65+"]
[Site "Hamburg"]
[Date "2019.11.14"]
[Round "4.16"]
[White "Flader, Willi"]
[Black "Werner, Joern"]
[Result "0-1"]
[WhiteElo "1319"]
[BlackElo "1560"]
[PlyCount "83"]
[EventDate "2019.??.??"]
[WhiteTeam "SC Schwarz-Weiss Harburg"]
[BlackTeam "SK Wilhelmsburg 1936 eV"]

{[%evp 0,74,39,16,31,32,32,-56,-14,-14,15,9,15,-28,-15,-15,-4,2,6,-5,24,-5,17,-52,-38,-28,0,-3,-3,-21,-14,-17,15,-58,-33,-30,-42,-39,22,-99,-24,-127,278,280,273,256,291,279,290,230,249,204,216,153,181,156,169,50,104,-126,-139,-226,-225,-450,-687,-728,-223,-416,-274,-505,-506,-941,-941,-1505,-1290,-1893,-1818]} 1. e4 e5 2. Nf3 Nc6 3. c4 Nf6 4. Nc3 a6 5. a3 Bc5 6. h3 d6 7. Be2 h6 8. d3 Be6 9. Bd2 Ne7 10. Qc1 Ng6 11. Nd1 Nh5 12. g3 c6 13. b4 Ba7 14. Qc2 Qd7 15. h4 Nf6 16. Nh2 Rc8 17. Ne3 d5 18. c5 b6 19. Ng2 Rb8 20. f4 Bg4 21. Nxg4 Nxg4 22. f5 Nf6 23. fxg6 fxg6 24. Be3 O-O 25. O-O-O d4 26. Bd2 Kh7 27. Rdf1 bxc5 28. bxc5 Rb5 29. Bb4 a5 30. a4 Rxb4 31. Kd2 Rfb8 32. Rb1 Ng4 33. Rhf1 h5 34. Rfc1 Ne3 35. Nxe3 dxe3+ 36. Ke1 Qh3 37. Bf1 Qxg3+ 38. Kd1 Qf3+ 39. Qe2 Qxe2+ 40. Bxe2 Rxb1 41. Rxb1 Rxb1+ 42. Kc2 0-1

[Event "26. Offene Hamburger SEM 2019 65+"]
[Site "Hamburg"]
[Date "2019.11.14"]
[Round "4.17"]
[White "Frackowiak, Stanislaw"]
[Black "Berking, Bernhard"]
[Result "1/2-1/2"]
[WhiteElo "1550"]
[BlackElo "1485"]
[PlyCount "97"]
[EventDate "2019.??.??"]
[WhiteTeam "Hamburger SK von 1830 eV"]
[BlackTeam "SchVgg Blankenese von 1923 eV"]

{[%evp 0,97,19,31,25,24,30,12,27,-19,26,44,41,34,40,25,25,18,18,20,36,9,7,4,27,-9,17,9,45,25,51,48,48,45,48,44,51,42,45,48,36,26,46,23,146,21,51,19,12,17,33,39,94,81,113,117,122,81,180,101,124,89,91,61,85,79,117,66,53,0,130,142,145,-37,150,60,123,89,62,32,93,0,0,0,0,0,0,-810,75,-150,333,0,0,-1395,0,0,0,0,0,-1012]} 1. d4 Nf6 2. Nf3 e6 3. e3 c5 4. c3 cxd4 5. exd4 b6 6. Bd3 Bb7 7. Nbd2 Be7 8. O-O O-O 9. Re1 d6 10. Qc2 Nbd7 11. Ng5 g6 12. Nge4 Nxe4 13. Nxe4 d5 14. Nd2 a5 15. a4 Ba6 16. Nf3 Bxd3 17. Qxd3 Re8 18. Bf4 Bf6 19. Rad1 Rc8 20. Qc2 Kg7 21. Re3 g5 22. Be5 Bxe5 23. Nxe5 Nxe5 24. Rxe5 f6 25. Re3 f5 26. Re5 Rc7 27. Rde1 Rce7 28. Qe2 Kg6 29. Qb5 Kf6 30. R1e3 g4 31. g3 h5 32. Qd3 Qc7 33. Qe2 Qc6 34. b4 Qc4 35. Qxc4 dxc4 36. Kf1 Kg5 37. Ke2 h4 38. d5 hxg3 39. hxg3 Kf6 40. Rxe6+ Rxe6 41. Rxe6+ Rxe6+ 42. dxe6 Kxe6 43. f3 Kd5 44. Ke3 Ke5 45. f4+ Kd5 46. Kf2 Kc6 47. Ke3 Kd5 48. Kd2 Kc6 49. Ke2 1/2-1/2

[Event "26. Offene Hamburger SEM 2019 65+"]
[Site "Hamburg"]
[Date "2019.11.14"]
[Round "4.18"]
[White "Kaiser, Guenther"]
[Black "Behrensen, Joern"]
[Result "0-1"]
[WhiteElo "1456"]
[BlackElo "1544"]
[PlyCount "80"]
[EventDate "2019.??.??"]
[WhiteTeam "SK Union Eimsbuettel eV"]
[BlackTeam "Hamburger SK von 1830 eV"]

{[%evp 0,60,21,14,36,-9,40,45,45,36,57,68,86,90,76,65,61,46,57,-24,-9,2,18,18,35,45,38,26,29,22,40,10,83,-52,99,4,3,21,91,91,113,109,134,121,156,141,123,137,338,330,338,334,350,351,351,284,281,286,286,275,454,486,534]} 1. d4 e6 2. c4 f5 3. Nf3 Nf6 4. Bg5 c6 5. Nc3 d5 6. e3 Bd6 7. c5 Bc7 8. b4 O-O 9. Nd2 Nbd7 10. f4 Qe8 11. Be2 Ne4 12. Ncxe4 fxe4 13. Bh5 g6 14. Be2 Nf6 15. g4 h5 16. Nf1 Nh7 17. h4 hxg4 18. Bxg4 e5 19. Bxc8 Qxc8 20. dxe5 a5 21. b5 a4 22. b6 Bxe5 23. fxe5 Qf5 24. Bf4 Ra5 25. Ng3 Qe6 26. Rc1 a3 27. Qd2 Rb5 28. Qg2 Qg4 29. Qh3 Rxf4 30. exf4 Qxf4 31. Ne2 Qxe5 32. Qc8+ Nf8 33. Qxb7 Qf6 34. Qc7 Rb2 35. Qg3 d4 36. Qxa3 d3 37. Qc3 Rxe2+ 38. Kd1 Qf3 39. Qc4+ Kg7 40. Qd4+ Kh7 0-1

[Event "26. Offene Hamburger SEM 2019 65+"]
[Site "Hamburg"]
[Date "2019.11.14"]
[Round "4.19"]
[White "Geissler, Karl-Heinz"]
[Black "Krueger, Dietrich"]
[Result "1-0"]
[WhiteElo "1504"]
[BlackElo "1042"]
[PlyCount "69"]
[EventDate "2019.??.??"]
[WhiteTeam "Mummelmannsberger SV"]
[BlackTeam "Hamburger SK von 1830 eV"]

{[%evp 0,58,19,31,98,32,20,15,20,-7,-2,-22,-7,-14,4,13,17,13,27,0,134,134,162,154,172,129,129,28,20,13,13,-48,172,35,121,155,192,205,456,280,525,468,460,493,524,522,535,462,531,550,697,675,850,649,712,483,837,415,897,895,861]} 1. d4 Nc6 2. Nf3 d5 3. e3 Bf5 4. a3 e6 5. Be2 Bd6 6. O-O h5 7. c4 dxc4 8. Bxc4 h4 9. Nbd2 g5 10. e4 Bg4 11. h3 Bh5 12. e5 Be7 13. Nb3 g4 14. hxg4 Bxg4 15. Be2 f6 16. Bf4 Bxf3 17. Bxf3 fxe5 18. dxe5 Bg5 19. Qxd8+ Rxd8 20. Bxc6+ bxc6 21. Bxg5 Rd3 22. Nc5 Rd5 23. b4 Rxe5 24. f4 Re3 25. Rfe1 Rg3 26. Kf2 Kf7 27. Rh1 Nh6 28. Bxh6 Rg4 29. Bg5 e5 30. Nd3 exf4 31. Ne5+ Ke6 32. Nxg4 Kf5 33. Rxh4 Rxh4 34. Bxh4 Kxg4 35. g3 1-0

[Event "26. Offene Hamburger SEM 2019 65+"]
[Site "Hamburg"]
[Date "2019.11.14"]
[Round "4.20"]
[White "Schmeichel, Wolfgang"]
[Black "Springer, Wolfgang Wilhelm"]
[Result "1-0"]
[WhiteElo "1563"]
[BlackElo "1245"]
[PlyCount "59"]
[EventDate "2019.??.??"]
[WhiteTeam "SF Wedel eV"]
[BlackTeam "Hamburger SK von 1830 eV"]

{[%evp 0,59,19,29,40,13,55,14,40,35,29,-17,2,-17,2,-1,-1,-49,58,25,16,-32,-59,-56,-4,4,-4,-11,352,279,217,159,159,159,183,192,206,195,176,154,139,116,198,179,223,181,215,135,224,197,209,200,607,582,2602,2602,2602,360,29985,29986,29987,29988]} 1. e4 e5 2. Nf3 Nf6 3. Nxe5 d6 4. Nf3 Nxe4 5. d4 d5 6. Be2 Bd6 7. O-O O-O 8. Nbd2 b6 9. Ne5 Bb7 10. f3 Nf6 11. f4 Ne4 12. Nxe4 dxe4 13. Be3 f6 14. Bc4+ Kh8 15. Nf7+ Rxf7 16. Bxf7 Nd7 17. Qh5 Nf8 18. f5 c5 19. Rad1 Qc7 20. c3 Rd8 21. Bb3 Bc6 22. d5 Be8 23. Qe2 Bd7 24. Qh5 Re8 25. Qh4 g5 26. fxg6 Nxg6 27. Qxf6+ Kg8 28. Bh6 Bxh2+ 29. Kh1 Be5 30. d6+ 1-0

[Event "26. Offene Hamburger SEM 2019 65+"]
[Site "Hamburg"]
[Date "2019.11.14"]
[Round "4.21"]
[White "Lohkamp, Rolf"]
[Black "Thomann, Reinhard"]
[Result "1-0"]
[WhiteElo "1266"]
[BlackElo "1050"]
[PlyCount "45"]
[EventDate "2019.??.??"]
[WhiteTeam "Hamburger SK von 1830 eV"]
[BlackTeam "SchVgg Blankenese von 1923 eV"]

{[%evp 0,45,19,31,25,-16,-12,-42,11,-69,-8,-4,-5,-5,9,9,92,31,81,54,66,75,111,82,173,108,150,69,72,83,246,192,192,116,78,77,119,16,71,21,19,-6,330,308,388,338,787,444]} 1. d4 Nf6 2. c4 e6 3. Bg5 h6 4. Bh4 Be7 5. Nc3 d5 6. e3 Nc6 7. Nf3 Bd7 8. Bd3 b6 9. O-O g5 10. Bg3 Bd6 11. Ne5 h5 12. h3 h4 13. Bh2 Qe7 14. Nb5 O-O-O 15. Nxd6+ cxd6 16. Nxc6 Bxc6 17. Qc2 Kb7 18. b4 g4 19. b5 Bd7 20. Qa4 Ra8 21. Qa6+ Kc7 22. c5 Bc8 23. cxd6+ 1-0